[Event "GER-chT U14 Girls"]
[Site "Stuttgart"]
[Date "2007.12.30"]
[Round "7.3"]
[White "Buerger, Nicoletta"]
[Black "Schulze, Tabea"]
[Result "0-1"]
[WhiteElo "893"]
[BlackElo "858"]
[PlyCount "78"]
[EventDate "2007.12.27"]
[EventType "team-swiss"]
[EventRounds "7"]
[EventCountry "GER"]
[SourceTitle "EXT 2009"]
[Source "ChessBase"]
[SourceDate "2008.11.26"]
[SourceVersion "1"]
[SourceVersionDate "2008.11.26"]
[SourceQuality "1"]
[WhiteTeam "Untergrombach U14 Girls"]
[BlackTeam "Endingen U14 Girls"]
[WhiteTeamCountry "GER"]
[BlackTeamCountry "GER"]

1. e4 e5 2. Nf3 Nc6 3. d4 exd4 4. Nxd4 Bc5 5. Be3 Nf6 6. Nxc6 bxc6 7. Bxc5 d6 8. Bd4 0-0 9. Nc3 Re8 10. Qf3 Re6 11. Bc4 d5 12. e5 dxc4 13. 0-0-0 Nd5 14. Rhe1 Bb7 15. Bc5 Qg5+ 16. Kb1 Rxe5 17. Be3 Nxe3 18. fxe3 Rae8 19. e4 c5 20. Rd7 R5e7 21. Rxe7 Rxe7 22. Rd1 Bc6 23. Qe2 h6 24. Qxc4 Qxg2 25. Qxc5 Re6 26. Qxa7 Bxe4 27. Nxe4 Qxe4 28. Qb8+ Kh7 29. b3 Qe5 30. Qf8 Rf6 31. Rg1 g6 32. Rd1 c6 33. a3 Rf2 34. b4 Qc3 35. Rc1 Qxa3 36. h4 Rf4 37. c3 Qb3+ 38. Ka1 Rf2 39. Qa8 Qb2# 0-1

[Event "GER-chT U14 Girls"]
[Site "Dittrichshuette"]
[Date "2005.12.27"]
[Round "2.2"]
[White "Biryuk, Svitlana"]
[Black "Buerger, Nicoletta"]
[Result "1-0"]
[WhiteElo "1187"]
[BlackElo "891"]
[PlyCount "75"]
[EventDate "2005.12.27"]
[EventType "team-swiss"]
[EventRounds "6"]
[EventCountry "GER"]
[SourceTitle "CBM 110 Extra"]
[Source "ChessBase"]
[SourceDate "2006.03.10"]
[SourceVersion "2"]
[SourceVersionDate "2006.03.10"]
[SourceQuality "1"]
[WhiteTeam "Duesseldorf SF 75 U14 Girls"]
[BlackTeam "Untergrombach U14 Girls"]
[WhiteTeamCountry "GER"]
[BlackTeamCountry "GER"]

1. c4 e5 2. Nc3 Nf6 3. e3 Nc6 4. d4 exd4 5. exd4 d5 6. c5 Bf5 7. Bg5 Be7 8. Bb5 0-0 9. Bxc6 bxc6 10. Nf3 Ng4 11. Bxe7 Qxe7+ 12. Ne2 Be4 13. Qb3 Rab8 14. Qc3 Nf6 15. b3 Nh5 16. 0-0 Bf5 17. Rfe1 Rfe8 18. Ng3 Qf6 19. Nxh5 Qg6 20. Ng3 h5 21. Ne5 Be6 22. Nxg6 fxg6 23. h3 Re7 24. Re5 Rf8 25. Rae1 Rf6 26. Qd2 Kf7 27. Qa5 Rd7 28. Qxa7 h4 29. Nf1 Bf5 30. Qb8 Be6 31. a4 Re7 32. a5 Rf4 33. a6 Rxd4 34. a7 Re8 35. Qxe8+ Kxe8 36. a8Q+ Kd7 37. Rxe6 Re4 38. Qe8# 1-0